000
00313nam a22001337a 4500
008
170928b xxu||||| |||| 00| 0 eng d
020
_a
9780312441326
041
_a
eng
080
_2
3 ED
_a
37
100
_a
47
101
_a
EDU
245
_a
SUCCESSFUL COLLEGE WRITING
_c
MCWHORTER.K.T
942
_2
udc
_c
BK
999
_c
30502
_d
30502